Eminem - Top 25 najczęściej odtwarzanych piosenek - Statystyki

Ogólne statystyki
  • Ten quiz został rozwiązany 12 razy
  • Średni wynik to 12 z 25
Statystyki odpowiedzi
Hint Odpowiedź % Poprawnych
The Marshall Mathers LP2 Rap God
80%
The Eminem Show Without Me
80%
The Death of Slim Shady (Coup de Grâce) Houdini
70%
Singiel Lose Yourself
70%
The Marshall Mathers LP The Real Slim Shady
70%
Encore Mockingbird
60%
Recovery Not Afraid
60%
Music To Be Murdered By Godzilla
50%
The Slim Shady LP My Name Is
50%
The Marshall Mathers LP Stan
50%
The Eminem Show Superman
50%
The Marshall Mathers LP2 The Monster
50%
The Eminem Show Till I Collapse
50%
Relapse Beautiful
40%
The Eminem Show Cleanin' Out My Closet
40%
Singiel (Diss) Killshot
40%
Recovery Love The Way You Lie
40%
Recovery No Love
40%
The Eminem Show Sing For The Moment
40%
Revival River
30%
The Marshall Mathers LP The Way I Am
30%
Singiel Venom
30%
Singiel When I'm Gone
30%
Singiel Shake That
20%
Kamikaze Lucky You
10%
Nie znaleziono quizów pasujących do podanych kryteriów
Rozkład punktacji
Procent ludzi z każdym wynikiem
Percentyl według liczby udzielonych odpowiedzi
Twoja historia wyników
Nie rozwiązałeś tego quizu